Score 0/27 Timer 04:00
0 Plays Today
Exit No. Exit Name % Correct
82 A-B-CUS 522 Hancock Winchester I 70 US 40 Hagerstown Breezewood
98%
14 A-BUS 219 Oakland US 40 Uniontown
89.8%
22US 219 Meyersdale PA
81.6%
42US 220 Greene St McCoole Keyser WV
77.6%
44US 40 Baltimore Ave Willow Brook Rd
77.6%
39US 40 Alt La Vale
75.5%
40US 220 Campground Rd Vocke Rd
75.5%
46US 220 Bedford Naves Cross Rd
75.5%
47US 220 Bedford
75.5%
62US 40 Fifteen Mile Creek Rd
75.5%
72US 40 High Germany Rd Swain Rd
75.5%
74US 40 Mountain Rd
75.5%
77US 40 MD 144 Woodmont Rd
75.5%
56MD 144 National Pike Flintstone
61.2%
Exit No. Exit Name % Correct
52MD 144 National Pike
59.2%
4MD 42 Friendsville
51%
41Seton Dr MD 49
51%
34MD 36 Westernport Frostburg
49%
19MD 495 Grantsville Swanton
46.9%
43 A-B-C-DJohnson St Ridgeley WV MD 51 Industrial Blvd Airport Downtown Maryland Ave Beall St
42.9%
29MD 546 Finzel
40.8%
33Midlothian Rd Frostburg
32.7%
50Pleasant Valley Rd Rocky Gap State Park and Resort
26.5%
45Hillcrest Drive
24.5%
64M V Smith Rd
24.5%
68Orleans Rd
24.5%
24Lower New Germany Rd
22.4%
Remove Ads.
Support Sporcle.
Get the best of Sporcle when you Go Orange. This ad-free experience offers more features, more stats, and more fun while also helping to support Sporcle. Thank you for becoming a member.

You're not logged in!

Compare scores with friends on all Sporcle quizzes.
OR
Log In

Show Comments

Extras

Created Sep 7, 2017ReportNominate
Tags:Exit, Maryland

Top Quizzes Today


Score Distribution

Your Account Isn't Verified!

In order to create a playlist on Sporcle, you need to verify the email address you used during registration. Go to your Sporcle Settings to finish the process.

Report this User

Report this user for behavior that violates our Community Guidelines.

Details: